Pays du Groupe E - QCM Euro 2024 - Statistiques

Statistiques générales
  • Ce quiz a été pris 53 fois
  • Le résultat moyen est 11 sur 15
Statistiques - réponses
Question Réponse % Correct
Laquelle a déjà été en demi-finale de Coupe du Monde ? Belgique
100%
Laquelle a été à la dernière Coupe du Monde ? Belgique
100%
Laquelle a ses joueurs surnommés les diables rouges ? Belgique
100%
Dans laquelle se situe une des capitales (la) européennes ? Belgique
100%
Laquelle n’était pas présente lors du dernier Euro ? Roumanie
100%
Laquelle a Radu Drăgușin comme star défensive ? Roumanie
100%
Laquelle a Bucarest comme capitale ? Roumanie
100%
Laquelle compte Martin Dúbravka, Juraj Kucka et Milan Škriniar dans ses rangs ? Slovaquie
100%
Laquelle n’a pas de jaune sur son drapeau ? Slovaquie
100%
Laquelle vit une situation géopolitique très compliquée ? Ukraine
100%
Dans lequel se située l’Atomium ? Belgique
50%
Laquelle est enclavée ? Slovaquie
50%
Laquelle a atteint les quarts du dernier Euro, éliminé par l’Angleterre ? Ukraine
0%
Laquelle a Serhiy Rebrov comme sélectionneur ? Ukraine
0%
Laquelle est passée par les barrages pour se qualifier ? Ukraine
0%
Aucun quiz correspondant
Distribution des résultats
% des personnes avec chaque résultat
Percentile par nombre de réponses
Votre historique - résultats
Vous n’avez pas pris ce quiz